<?xml version="1.0" encoding="UTF-8"?>
<collection xmlns="http://www.loc.gov/MARC21/slim">
 <record>
  <leader>01582nam a22002297a 4500</leader>
  <controlfield tag="001">NCT_445</controlfield>
  <controlfield tag="008">170927b        xxu||||| |||| 00| 0 vie d</controlfield>
  <datafield tag="999" ind1=" " ind2=" ">
   <subfield code="c">22</subfield>
   <subfield code="d">22</subfield>
  </datafield>
  <datafield tag="022" ind1=" " ind2=" ">
   <subfield code="a">155000</subfield>
  </datafield>
  <datafield tag="082" ind1="0" ind2="4">
   <subfield code="2">23rd ed.</subfield>
   <subfield code="a">660.2842</subfield>
   <subfield code="b">T513</subfield>
  </datafield>
  <datafield tag="100" ind1="1" ind2=" ">
   <subfield code="a">Nguyễn Hữu Tùng</subfield>
  </datafield>
  <datafield tag="245" ind1="1" ind2="0">
   <subfield code="a">Hoá công cơ sở chuyển khối</subfield>
   <subfield code="c">Nguyễn Hữu Tùng, Trần Trung Kiên</subfield>
  </datafield>
  <datafield tag="260" ind1=" " ind2=" ">
   <subfield code="a">Hà Nội</subfield>
   <subfield code="b">Bách khoa Hà Nội</subfield>
   <subfield code="c"> 2016</subfield>
  </datafield>
  <datafield tag="300" ind1=" " ind2=" ">
   <subfield code="a">535 tr.</subfield>
   <subfield code="b">hình vẽ, bảng</subfield>
   <subfield code="c">27 cm</subfield>
  </datafield>
  <datafield tag="490" ind1="0" ind2=" ">
   <subfield code="a">Tủ sách Ngành kỹ thuật hoá học</subfield>
  </datafield>
  <datafield tag="520" ind1="3" ind2=" ">
   <subfield code="a">Nội dung tài liệu trình bày các kiến thức cơ bản các hiện tượng vận chuyển: Khuếch tán và vận chuyển khối; các phương trình cơ bản của vận chuyển khối; vận chuyển khối trong lớp biên chảy tầng; vận chuyển nhiệt và vận vận chuyển khối ở chế độ chảy màng bên trong ống tròn...</subfield>
  </datafield>
  <datafield tag="700" ind1="1" ind2=" ">
   <subfield code="a">Trần Trung Kiên</subfield>
  </datafield>
  <datafield tag="942" ind1=" " ind2=" ">
   <subfield code="2">ddc</subfield>
   <subfield code="c">BK</subfield>
  </datafield>
  <datafield tag="952" ind1=" " ind2=" ">
   <subfield code="0">0</subfield>
   <subfield code="1">0</subfield>
   <subfield code="2">ddc</subfield>
   <subfield code="4">0</subfield>
   <subfield code="6">660_284200000000000_T513</subfield>
   <subfield code="7">0</subfield>
   <subfield code="9">172</subfield>
   <subfield code="a">000001</subfield>
   <subfield code="b">000001</subfield>
   <subfield code="d">2017-09-30</subfield>
   <subfield code="o">660.2842 T513</subfield>
   <subfield code="p">MD.00193</subfield>
   <subfield code="r">2017-09-30</subfield>
   <subfield code="v">155000.00</subfield>
   <subfield code="w">2017-09-30</subfield>
   <subfield code="y">BK</subfield>
  </datafield>
  <datafield tag="952" ind1=" " ind2=" ">
   <subfield code="0">0</subfield>
   <subfield code="1">0</subfield>
   <subfield code="2">ddc</subfield>
   <subfield code="4">0</subfield>
   <subfield code="6">660_284200000000000_T513</subfield>
   <subfield code="7">0</subfield>
   <subfield code="9">173</subfield>
   <subfield code="a">000001</subfield>
   <subfield code="b">000001</subfield>
   <subfield code="d">2017-09-30</subfield>
   <subfield code="o">660.2842 T513</subfield>
   <subfield code="p">MD.00192</subfield>
   <subfield code="r">2017-09-30</subfield>
   <subfield code="v">155000.00</subfield>
   <subfield code="w">2017-09-30</subfield>
   <subfield code="y">BK</subfield>
  </datafield>
  <datafield tag="952" ind1=" " ind2=" ">
   <subfield code="0">0</subfield>
   <subfield code="1">0</subfield>
   <subfield code="2">ddc</subfield>
   <subfield code="4">0</subfield>
   <subfield code="6">660_284200000000000_T513</subfield>
   <subfield code="7">0</subfield>
   <subfield code="9">174</subfield>
   <subfield code="a">000001</subfield>
   <subfield code="b">000001</subfield>
   <subfield code="d">2017-09-30</subfield>
   <subfield code="o">660.2842 T513</subfield>
   <subfield code="p">MD.00191</subfield>
   <subfield code="r">2017-09-30</subfield>
   <subfield code="v">155000.00</subfield>
   <subfield code="w">2017-09-30</subfield>
   <subfield code="y">BK</subfield>
  </datafield>
  <datafield tag="980" ind1=" " ind2=" ">
   <subfield code="a">Thư viện Trường Đại học Nam Cần Thơ</subfield>
  </datafield>
 </record>
</collection>
